[Event "North American op 21st"]
[Site "Las Vegas"]
[Date "2011.12.29"]
[Round "7"]
[White "Pearson, Michael"]
[Black "Veech, John"]
[Result "1-0"]
[WhiteElo "2344"]
[BlackElo "2202"]
[PlyCount "49"]
[EventDate "2011.12.26"]
[EventType "swiss"]
[EventRounds "7"]
[EventCountry "USA"]
[SourceTitle "CBM 146 Extra"]
[Source "ChessBase"]
[SourceDate "2012.02.29"]
[SourceVersion "1"]
[SourceVersionDate "2012.02.29"]
[SourceQuality "1"]

1. e4 c5 2. Nf3 d6 3. d4 cxd4 4. Nxd4 Nf6 5. Nc3 a6 6. a4 Nc6 7. Bc4 e6 8. 0-0 Be7 9. Kh1 0-0 10. f4 Qc7 11. Ba2 b6 12. f5 Nxd4 13. Qxd4 e5 14. Qd3 Bb7 15. Bb3 Bc6 16. Bg5 Ne8 17. Bxe7 Qxe7 18. Bd5 Bb7 19. Rad1 Rd8 20. f6 Nxf6 21. Rxf6 gxf6 22. Qg3+ Kh8 23. Bxb7 Qxb7 24. Qh4 d5 25. Rd3 1-0

[Event "San Francisco TNM Fall op"]
[Site "San Francisco"]
[Date "2009.12.15"]
[Round "9"]
[White "Lee, Andy C"]
[Black "Pearson, Michael"]
[Result "1/2-1/2"]
[WhiteElo "2278"]
[BlackElo "2290"]
[PlyCount "62"]
[EventDate "2009.10.20"]
[EventType "swiss"]
[EventRounds "9"]
[EventCountry "USA"]
[SourceTitle "EXT 2012"]
[Source "ChessBase"]
[SourceDate "2011.11.24"]
[SourceVersion "1"]
[SourceVersionDate "2011.11.24"]
[SourceQuality "1"]

1. e4 c5 2. Nf3 Nc6 3. d4 cxd4 4. Nxd4 e5 5. Nb5 d6 6. N1c3 a6 7. Na3 b5 8. Nd5 Nge7 9. c4 Nd4 10. Bg5 Be6 11. Bd3 Bxd5 12. exd5 Qd7 13. 0-0 Nef5 14. Qg4 h6 15. Bd2 g6 16. f4 h5 17. Qh3 Bg7 18. Rae1 Qa7 19. Kh1 h4 20. fxe5 dxe5 21. Bxf5 Nxf5 22. Rxf5 gxf5 23. Qxf5 Qd7 24. Rxe5+ Kd8 25. Bg5+ Kc8 26. Qxd7+ Kxd7 27. Re7+ Kd6 28. Rxf7 Rae8 29. Bd2 Bxb2 30. Bb4+ Ke5 31. d6 Bxa3 1/2-1/2

[Event "San Francisco TNM Fall op"]
[Site "San Francisco"]
[Date "2009.12.08"]
[Round "8"]
[White "Sandberg, Evan"]
[Black "Pearson, Michael"]
[Result "0-1"]
[WhiteElo "2095"]
[BlackElo "2290"]
[PlyCount "93"]
[EventDate "2009.10.20"]
[EventType "swiss"]
[EventRounds "9"]
[EventCountry "USA"]
[SourceTitle "EXT 2012"]
[Source "ChessBase"]
[SourceDate "2011.11.24"]
[SourceVersion "1"]
[SourceVersionDate "2011.11.24"]
[SourceQuality "1"]

1. e4 e5 2. Nf3 Nc6 3. Bb5 a6 4. Ba4 Nf6 5. d4 exd4 6. 0-0 Be7 7. e5 Ne4 8. Nxd4 0-0 9. Re1 Nc5 10. Bb3 Nxd4 11. Qxd4 Nxb3 12. axb3 d5 13. exd6 Qxd6 14. Qxd6 Bxd6 15. Na3 Bf5 16. Bd2 b5 17. b4 Rfd8 18. Rad1 Bg4 19. f3 Be6 20. Bg5 Rdb8 21. c3 a5 22. bxa5 Rxa5 23. Nc2 b4 24. Be3 bxc3 25. bxc3 Rb2 26. Ra1 Rxa1 27. Rxa1 h5 28. Nd4 Bd7 29. Ra8+ Kh7 30. Rd8 Ba4 31. Ra8 Rb1+ 32. Kf2 Bd1 33. Ra5 g6 34. h4 Rb2+ 35. Ke1 Bb3 36. Nxb3 Rxb3 37. Bd4 Bg3+ 38. Kd1 Bxh4 39. Ra8 f6 40. Ra7 Rb2 41. Rxc7+ Kh6 42. Be3+ Bg5 43. f4 Bh4 44. f5+ Bg5 45. Bxg5+ fxg5 46. Rc6 h4 47. Rxg6+ 0-1

[Event "San Francisco TNM Fall op"]
[Site "San Francisco"]
[Date "2009.11.24"]
[Round "6"]
[White "Sanguinetti, George A"]
[Black "Pearson, Michael"]
[Result "0-1"]
[WhiteElo "1922"]
[BlackElo "2290"]
[PlyCount "98"]
[EventDate "2009.10.20"]
[EventType "swiss"]
[EventRounds "9"]
[EventCountry "USA"]
[SourceTitle "EXT 2012"]
[Source "ChessBase"]
[SourceDate "2011.11.24"]
[SourceVersion "1"]
[SourceVersionDate "2011.11.24"]
[SourceQuality "1"]

1. e4 c5 2. Nf3 Nc6 3. Bb5 g6 4. Bxc6 bxc6 5. c4 Bg7 6. 0-0 e5 7. d3 Ne7 8. Be3 d6 9. Nc3 0-0 10. Ne1 f5 11. f3 f4 12. Bf2 g5 13. Kh1 Rf7 14. a3 a5 15. Rb1 Rb8 16. Nc2 Ng6 17. b4 cxb4 18. axb4 axb4 19. Rxb4 Rxb4 20. Nxb4 Bd7 21. c5 Bf8 22. cxd6 Bxd6 23. Qb3 h5 24. Ra1 Qb8 25. Rb1 Qe8 26. Na6 g4 27. Bc5 gxf3 28. Bxd6 Bc8 29. Qa2 fxg2+ 30. Qxg2 Qe6 31. Rb8 Kh7 32. Qg5 Bxa6 33. Qxh5+ Kg7 34. Bc5 Bxd3 35. Rb2 Qc4 36. Rg2 Qxc5 37. Rxg6+ Kf8 38. Qh8+ Ke7 39. Qh4+ Ke8 40. Rg8+ Rf8 41. Qh5+ Kd8 42. Rxf8+ Qxf8 43. Qxe5 Kc8 44. Qd4 Ba6 45. Kg2 c5 46. Qd2 Qh6 47. Kf3 Qh3+ 48. Kf2 Qxh2+ 49. Ke1 Qg1# 0-1

[Event "San Francisco Chernev Memorial"]
[Site "San Francisco"]
[Date "2008.08.26"]
[Round "4"]
[White "Sainz, Guadalupe"]
[Black "Pearson, Michael"]
[Result "0-1"]
[WhiteElo "1835"]
[BlackElo "2276"]
[PlyCount "94"]
[EventDate "2008.08.05"]
[EventType "swiss"]
[EventRounds "8"]
[EventCountry "USA"]
[SourceTitle "CBM 126 Extra"]
[Source "ChessBase"]
[SourceDate "2008.11.05"]
[SourceVersion "1"]
[SourceVersionDate "2008.11.05"]
[SourceQuality "1"]

1. d4 d5 2. c4 c6 3. Nc3 Nf6 4. Nf3 dxc4 5. a4 Bf5 6. Bf4 e6 7. e3 Nd5 8. Bxc4 Bb4 9. Qb3 a5 10. 0-0 0-0 11. e4 Nxf4 12. exf5 exf5 13. Ne5 Qc7 14. Rac1 Bxc3 15. Rxc3 Ng6 16. Nxg6 hxg6 17. Rg3 Nd7 18. Qc3 Qd6 19. Qb3 Rab8 20. Rd1 b5 21. axb5 cxb5 22. Be2 a4 23. Qd3 Rfe8 24. h4 Qe7 25. Re3 Qxh4 26. Rxe8+ Rxe8 27. Qxb5 Nf6 28. Bf3 Qf4 29. Qxa4 g5 30. Bc6 Re2 31. Qa8+ Kh7 32. Bf3 Rxb2 33. g3 Qc7 34. d5 g4 35. Bg2 f4 36. d6 Qc2 37. Rf1 f3 38. Bxf3 gxf3 39. Qxf3 Rb3 40. Qh1+ Kg6 41. Qh4 Qe4 42. Qh8 Nd7 43. Qc8 Ne5 44. d7 Nf3+ 45. Kg2 Ne1+ 46. Kh3 Qg2+ 47. Kg4 Qf3+ 0-1

[Event "Reno Far West op"]
[Site "Reno"]
[Date "2008.03.23"]
[Round "5"]
[White "Alonso, Francisco"]
[Black "Pearson, Michael"]
[Result "0-1"]
[WhiteElo "2062"]
[BlackElo "2143"]
[PlyCount "42"]
[EventDate "2008.03.21"]
[EventType "swiss"]
[EventRounds "6"]
[EventCountry "USA"]
[SourceTitle "EXT 2010"]
[Source "ChessBase"]
[SourceDate "2010.11.25"]
[SourceVersion "1"]
[SourceVersionDate "2010.11.25"]
[SourceQuality "1"]

1. Nc3 d5 2. e4 dxe4 3. Nxe4 Nd7 4. Bc4 e6 5. Nf3 Ngf6 6. Qe2 Nxe4 7. Qxe4 Nf6 8. Qe2 c5 9. 0-0 Be7 10. Re1 0-0 11. a4 b6 12. Ra3 Bb7 13. Ne5 Nd5 14. d4 cxd4 15. Rh3 Bg5 16. Qg4 Bxc1 17. Rxc1 Qf6 18. Bxd5 Bxd5 19. Nd7 Qe7 20. Nxf8 Rxf8 21. Qxd4 Qg5 0-1

[Event "Reno Far West op"]
[Site "Reno"]
[Date "2008.03.22"]
[Round "4"]
[White "Pearson, Michael"]
[Black "Kudrin, Sergey"]
[Result "0-1"]
[WhiteElo "2143"]
[BlackElo "2566"]
[PlyCount "96"]
[EventDate "2008.03.21"]
[EventType "swiss"]
[EventRounds "6"]
[EventCountry "USA"]
[SourceTitle "EXT 2010"]
[Source "ChessBase"]
[SourceDate "2010.11.25"]
[SourceVersion "1"]
[SourceVersionDate "2010.11.25"]
[SourceQuality "1"]

1. d4 Nf6 2. c4 g6 3. Nc3 d5 4. Bf4 Bg7 5. Nf3 0-0 6. Rc1 dxc4 7. e3 Be6 8. Be5 c5 9. Ng5 Bg4 10. f3 Bc8 11. Bxc4 Nc6 12. 0-0 e6 13. f4 cxd4 14. exd4 b6 15. Qf3 Bb7 16. Qh3 h6 17. Nxf7 Rxf7 18. Qxe6 Qe7 19. Nb5 Qxe6 20. Bxe6 Nd8 21. Bxf7+ Nxf7 22. Rc7 Ba6 23. a4 Nd5 24. Rd7 Nf6 25. Re7 Nd5 26. Re6 g5 27. Rg6 Nxe5 28. fxe5 Nf4 29. Rxf4 Bxb5 30. Rf3 Bxa4 31. Ra3 Bc2 32. Rxb6 Bf8 33. Ra5 Be4 34. Rba6 Rd8 35. Rxa7 Rxd4 36. e6 Bb4 37. Rb5 Bd6 38. Kf2 Bc6 39. Rba5 Rf4+ 40. Ke2 Re4+ 41. Kd3 Rxe6 42. g3 Bb8 43. R7a6 Bc7 44. Rc5 Be4+ 45. Kd4 Rxa6 46. Rxc7 Ra4+ 47. Kc5 Ra2 48. Re7 Bf3 0-1

[Event "Reno Far West op"]
[Site "Reno"]
[Date "2008.03.21"]
[Round "1"]
[White "Fairbairn, Stephen"]
[Black "Pearson, Michael"]
[Result "0-1"]
[WhiteElo "2086"]
[BlackElo "2143"]
[PlyCount "42"]
[EventDate "2008.03.21"]
[EventType "swiss"]
[EventRounds "6"]
[EventCountry "USA"]
[SourceTitle "EXT 2010"]
[Source "ChessBase"]
[SourceDate "2010.11.25"]
[SourceVersion "1"]
[SourceVersionDate "2010.11.25"]
[SourceQuality "1"]

1. c4 c6 2. e4 e5 3. Nc3 Bc5 4. g3 d6 5. Bg2 Ne7 6. Nge2 0-0 7. 0-0 Nd7 8. d4 exd4 9. Nxd4 Ne5 10. b3 a6 11. Bb2 b5 12. cxb5 axb5 13. Kh1 Qb6 14. Nce2 f5 15. f4 Ng4 16. Qd2 fxe4 17. Bxe4 Nf6 18. Bg2 Ned5 19. Rfd1 Re8 20. Nc3 Ne3 21. Bxc6 Bb7 0-1

[Event "New York Marshall CC-ch 90th"]
[Site "New York"]
[Date "2006.12.09"]
[Round "7"]
[White "Jacobs, Jon"]
[Black "Pearson, Michael"]
[Result "1-0"]
[WhiteElo "2294"]
[BlackElo "2187"]
[PlyCount "62"]
[EventDate "2006.12.01"]
[EventType "swiss"]
[EventRounds "9"]
[EventCountry "USA"]
[SourceTitle "CBM 115 Extra"]
[Source "ChessBase"]
[SourceDate "2007.01.10"]
[SourceVersion "1"]
[SourceVersionDate "2007.01.10"]
[SourceQuality "1"]

1. Nf3 Nf6 2. g3 g6 3. b3 Bg7 4. Bb2 0-0 5. Bg2 d6 6. d4 Nfd7 7. 0-0 c5 8. c4 Nc6 9. Qd2 Rb8 10. dxc5 Bxb2 11. Qxb2 Nxc5 12. Nc3 a6 13. Rac1 Bd7 14. b4 Ne6 15. Rfd1 b5 16. c5 dxc5 17. Ne4 c4 18. Qd2 Qb6 19. Qh6 Rfd8 20. Bh3 Nf8 21. Bxd7 Rxd7 22. Rxd7 Nxd7 23. Rd1 Nf8 24. Rd6 Rd8 25. Rf6 Qb7 26. Nfg5 Ne5 27. f3 c3 28. Nc5 c2 29. Nxb7 c1Q+ 30. Kg2 exf6 31. Nxf7 Rd1 1-0

[Event "New York Marshall CC-ch 90th"]
[Site "New York"]
[Date "2006.12.03"]
[Round "5"]
[White "Privman, Boris"]
[Black "Pearson, Michael"]
[Result "1-0"]
[WhiteElo "2293"]
[BlackElo "2214"]
[PlyCount "83"]
[EventDate "2006.12.01"]
[EventType "swiss"]
[EventRounds "9"]
[EventCountry "USA"]
[SourceTitle "CBM 115 Extra"]
[Source "ChessBase"]
[SourceDate "2007.01.10"]
[SourceVersion "1"]
[SourceVersionDate "2007.01.10"]
[SourceQuality "1"]

1. d4 Nf6 2. c4 e6 3. Nc3 Bb4 4. Bd2 b6 5. f3 Nc6 6. a3 Bxc3 7. Bxc3 d5 8. cxd5 exd5 9. e3 0-0 10. Bd3 Re8 11. Kf2 Ne7 12. g4 Ng6 13. h3 Nd7 14. Ne2 Qh4+ 15. Ng3 c5 16. Qd2 cxd4 17. Bxd4 Nde5 18. Bb5 Rd8 19. f4 Bd7 20. Be2 Nc4 21. Qd3 Nd6 22. Bf3 Bb5 23. Qb1 Rac8 24. Kg2 Qe7 25. Nf5 Nxf5 26. gxf5 Nh4+ 27. Kg3 Nxf3 28. Kxf3 Qh4 29. Qg1 g6 30. fxg6 fxg6 31. Qg5 Qxg5 32. fxg5 Bd3 33. Rhc1 Bc2 34. Ke2 Rc4 35. h4 Rdc8 36. Kd2 Kf7 37. a4 R8c7 38. a5 b5 39. a6 b4 40. Bxa7 Rxh4 41. Bb8 Rh2+ 42. Ke1 1-0

[Event "Berkeley Masters op"]
[Site "Berkeley"]
[Date "2005.12.18"]
[Round "3"]
[White "Pearson, Michael"]
[Black "Kustar, Sandor"]
[Result "1/2-1/2"]
[WhiteElo "2173"]
[BlackElo "2375"]
[PlyCount "90"]
[EventDate "2005.12.17"]
[EventType "swiss"]
[EventRounds "9"]
[EventCountry "USA"]
[SourceTitle "CBM 109 Extra"]
[Source "ChessBase"]
[SourceDate "2006.01.03"]
[SourceVersion "2"]
[SourceVersionDate "2006.01.03"]
[SourceQuality "1"]

1. d4 Nf6 2. c4 c5 3. d5 e6 4. Nc3 exd5 5. cxd5 d6 6. e4 g6 7. f4 Qe7 8. Nf3 Bg4 9. Bb5+ Nfd7 10. 0-0 Bg7 11. e5 0-0 12. e6 fxe6 13. dxe6 Nf6 14. Bc4 Nc6 15. Qe1 Bxf3 16. Rxf3 Nd4 17. Rh3 Rad8 18. Nd5 Nxd5 19. Bxd5 Rde8 20. Qe4 Nxe6 21. Bd2 Bd4+ 22. Kh1 Rf6 23. Re1 Kf8 24. Bxb7 Nxf4 25. Rxh7 Qxe4 26. Bxe4 Rfe6 27. Bxf4 Rxe4 28. Rxe4 Rxe4 29. g3 Be5 30. Bxe5 Rxe5 31. Rxa7 Re1+ 32. Kg2 Re2+ 33. Kf3 Rxb2 34. h4 d5 35. g4 c4 36. Ke3 Rg2 37. h5 Rxg4 38. hxg6 d4+ 39. Kf3 Rxg6 40. Rc7 c3 41. Ke4 Rd6 42. Kd3 Ke8 43. a4 Kd8 44. Rc4 Kd7 45. a5 Ke6 1/2-1/2

[Event "Berkeley Masters op"]
[Site "Berkeley"]
[Date "2005.12.17"]
[Round "2"]
[White "Poehlmann, Roger"]
[Black "Pearson, Michael"]
[Result "1-0"]
[WhiteElo "2230"]
[BlackElo "2173"]
[PlyCount "75"]
[EventDate "2005.12.17"]
[EventType "swiss"]
[EventRounds "9"]
[EventCountry "USA"]
[SourceTitle "CBM 109 Extra"]
[Source "ChessBase"]
[SourceDate "2006.01.03"]
[SourceVersion "2"]
[SourceVersionDate "2006.01.03"]
[SourceQuality "1"]

1. d4 Nf6 2. Nf3 g6 3. Bf4 Bg7 4. Nbd2 c5 5. dxc5 Na6 6. Be3 Qc7 7. Bd4 Nxc5 8. c4 d6 9. g3 e5 10. Bxc5 dxc5 11. Qc2 e4 12. Nxe4 Nxe4 13. Qxe4+ Be6 14. Bh3 Bxb2 15. Rd1 0-0 16. Bxe6 fxe6 17. Qxe6+ Qf7 18. Qxf7+ Rxf7 19. Ng5 Re7 20. Rd6 a6 21. Rd5 Ba3 22. e3 b5 23. Ke2 bxc4 24. Rhd1 Raa7 25. R1d2 Bb4 26. Rc2 Rad7 27. Rxd7 Rxd7 28. Ne4 Kf7 29. Rxc4 Rd5 30. h4 h6 31. f3 Ke6 32. a3 Bxa3 33. Ra4 Bb4 34. Rxa6+ Kf7 35. Rc6 Rd7 36. h5 gxh5 37. Rxh6 Rc7 38. Rh7+ 1-0

[Event "Western States op"]
[Site "Reno"]
[Date "2005.10.16"]
[Round "5"]
[White "Pearson, Michael"]
[Black "Zaikov, Oleg"]
[Result "1/2-1/2"]
[WhiteElo "2224"]
[BlackElo "2337"]
[PlyCount "95"]
[EventDate "2005.10.14"]
[EventType "swiss"]
[EventRounds "6"]
[EventCountry "USA"]
[SourceTitle "EXT 2009"]
[Source "ChessBase"]
[SourceDate "2008.11.26"]
[SourceVersion "1"]
[SourceVersionDate "2008.11.26"]
[SourceQuality "1"]

1. d4 Nf6 2. c4 c5 3. d5 b5 4. f3 g6 5. e4 Bg7 6. Ne2 0-0 7. cxb5 a6 8. Nec3 e6 9. Na3 Bb7 10. d6 Nh5 11. Be3 f5 12. exf5 Rxf5 13. Bd3 Re5 14. Nc4 Rxe3+ 15. Nxe3 Qh4+ 16. Kf1 Ng3+ 17. hxg3 Qxh1+ 18. Kf2 Qxd1 19. Nexd1 axb5 20. Nxb5 Nc6 21. Be4 Ra5 22. a4 Nd4 23. Bxb7 Nxb5 24. Bc8 Nxd6 25. Bxd7 Kf7 26. Ra3 Bd4+ 27. Ke2 Ke7 28. Bc6 c4 29. b4 cxb3 30. Rxb3 Rc5 31. Bb5 e5 32. Kd3 Rc1 33. Ne3 Nb7 34. Kd2 Rg1 35. Bc4 Nc5 36. Ra3 Kd6 37. Ra2 Ra1 38. Rxa1 Bxa1 39. a5 Na4 40. a6 Bd4 41. Bg8 Ke7 42. Nc2 Bb6 43. Nb4 Ba5 44. Kc2 Bxb4 45. Kb3 Nc5+ 46. Kxb4 Nxa6+ 47. Kb5 Nb8 48. Bxh7 1/2-1/2

[Event "Western States op"]
[Site "Reno"]
[Date "2005.10.15"]
[Round "4"]
[White "Pearson, Michael"]
[Black "Peterson, Christofer"]
[Result "1-0"]
[WhiteElo "2224"]
[BlackElo "1484"]
[PlyCount "35"]
[EventDate "2005.10.14"]
[EventType "swiss"]
[EventRounds "6"]
[EventCountry "USA"]
[SourceTitle "EXT 2009"]
[Source "ChessBase"]
[SourceDate "2008.11.26"]
[SourceVersion "1"]
[SourceVersionDate "2008.11.26"]
[SourceQuality "1"]

1. e4 c5 2. Nf3 d6 3. d4 cxd4 4. Nxd4 Nf6 5. Nc3 g6 6. Be3 Bg7 7. f3 0-0 8. Qd2 Nc6 9. 0-0-0 d5 10. Qe1 e5 11. Nxc6 bxc6 12. Bc5 Be6 13. Bc4 Qa5 14. Bxf8 Bxf8 15. Nxd5 Qxe1 16. Nxf6+ Kg7 17. Rhxe1 Bxc4 18. Nd7 1-0

[Event "Western States op"]
[Site "Reno"]
[Date "2005.10.14"]
[Round "1"]
[White "Pearson, Michael"]
[Black "Ivanov, Igor Vasilievich"]
[Result "0-1"]
[WhiteElo "2224"]
[BlackElo "2538"]
[PlyCount "114"]
[EventDate "2005.10.14"]
[EventType "swiss"]
[EventRounds "6"]
[EventCountry "USA"]
[SourceTitle "EXT 2009"]
[Source "ChessBase"]
[SourceDate "2008.11.26"]
[SourceVersion "1"]
[SourceVersionDate "2008.11.26"]
[SourceQuality "1"]

1. d4 Nf6 2. c4 e6 3. Nc3 Bb4 4. f3 d5 5. a3 Bxc3+ 6. bxc3 c5 7. cxd5 Nxd5 8. Qd2 Nc6 9. e4 Nb6 10. dxc5 Qxd2+ 11. Bxd2 Na4 12. Be3 Bd7 13. Rb1 Na5 14. Rb5 b6 15. cxb6 axb6 16. Bxb6 Nxb6 17. Rxb6 Ke7 18. Bd3 Rhb8 19. Rxb8 Rxb8 20. Ne2 Rb3 21. Kd2 Rxa3 22. e5 Nb3+ 23. Ke3 Nc5 24. Rb1 h6 25. Bc4 f6 26. Kd4 Ra5 27. f4 Bc6 28. Ng3 fxe5+ 29. fxe5 Nd7 30. Re1 Ra4 31. Rb1 Nxe5 32. Kxe5 Rxc4 33. Ra1 Rc5+ 34. Kd4 Rg5 35. Ra2 h5 36. Re2 Rg4+ 37. Ke5 Ra4 38. Ne4 Bxe4 39. Rxe4 Ra2 40. Rh4 g6 41. g3 Re2+ 42. Kf4 Kf6 43. Kf3 Rc2 44. c4 e5 45. Ke3 Ke6 46. Kd3 Rf2 47. Ke3 Rg2 48. Kf3 Rc2 49. Ke3 Kf5 50. Kd3 Ra2 51. c5 e4+ 52. Kd4 Rd2+ 53. Kc3 Rd1 54. Rf4+ Ke5 55. Rf8 Rc1+ 56. Kb4 e3 57. Kb5 Kd4 0-1

[Event "Donnelly Memorial"]
[Site "San Francisco"]
[Date "2005.09.17"]
[Round "1"]
[White "Belanoff, Ted"]
[Black "Pearson, Michael"]
[Result "0-1"]
[WhiteElo "1655"]
[BlackElo "2202"]
[PlyCount "88"]
[EventDate "2005.09.17"]
[EventType "swiss (rapid)"]
[EventRounds "5"]
[EventCountry "USA"]
[SourceTitle "EXT 2024"]
[Source "ChessBase"]
[SourceDate "2023.10.10"]
[SourceVersion "1"]
[SourceVersionDate "2023.10.10"]
[SourceQuality "1"]

1. e4 e6 2. d4 d5 3. exd5 exd5 4. Nf3 Bd6 5. Nc3 c6 6. Bd3 Ne7 7. Bg5 f6 8. Bh4 0-0 9. Qd2 Re8 10. 0-0 Bg4 11. Ne1 Nf5 12. Bxf5 Bxf5 13. Nd3 Nd7 14. Rfe1 Qb6 15. Rxe8+ Rxe8 16. Re1 Rxe1+ 17. Qxe1 Qxd4 18. Qe8+ Nf8 19. Bg3 Bxg3 20. hxg3 Bxd3 21. cxd3 Qxd3 22. Qe7 d4 23. Ne4 Qd1+ 24. Kh2 Qh5+ 25. Kg1 Qe5 26. Qxe5 fxe5 27. Nd6 b6 28. Nc8 c5 29. Nxa7 Kf7 30. Nc8 Nd7 31. Kf1 Ke6 32. Ke2 c4 33. f3 Kd5 34. a3 b5 35. Ne7+ Kc5 36. Kd2 g6 37. Ng8 Nb6 38. Nf6 Na4 39. Nxh7 Nxb2 40. Nf8 c3+ 41. Kc2 Kc4 42. Nxg6 d3+ 43. Kb1 d2 44. Nxe5+ Kb3 0-1

[Event "San Francisco Addison op g/45"]
[Site "San Francisco"]
[Date "2005.06.25"]
[Round "1"]
[White "Pearson, Michael"]
[Black "Tsai, Chris"]
[Result "1-0"]
[WhiteElo "2202"]
[BlackElo "1587"]
[PlyCount "123"]
[EventDate "2005.06.25"]
[EventType "swiss (rapid)"]
[EventRounds "5"]
[EventCountry "USA"]
[SourceTitle "EXT 2007"]
[Source "ChessBase"]
[SourceDate "2006.11.23"]
[SourceVersion "1"]
[SourceVersionDate "2006.11.23"]
[SourceQuality "1"]

1. e4 c5 2. Nf3 Nc6 3. Bb5 d6 4. 0-0 Bd7 5. d4 cxd4 6. Nxd4 e5 7. Ne2 a6 8. Ba4 b5 9. Bb3 Nf6 10. Nbc3 b4 11. Nd5 Nxe4 12. f4 a5 13. Be3 Be7 14. Bb6 Qb8 15. Nc7+ Kd8 16. Nxa8+ Kc8 17. Qd3 Bf5 18. fxe5 Nxe5 19. Qa6+ Qb7 20. Qxb7+ Kxb7 21. Rxf5 Rxa8 22. Rxe5 dxe5 23. Bd5+ Kxb6 24. Bxa8 Bc5+ 25. Kf1 Nd2+ 26. Ke1 Nc4 27. a3 bxa3 28. bxa3 Nxa3 29. Kd2 Bb4+ 30. c3 Bc5 31. Bd5 Be3+ 32. Kxe3 Nc2+ 33. Kd2 Nxa1 34. Kc1 f5 35. Kb2 Kc5 36. Bg8 h5 37. Kxa1 g5 38. Ng3 f4 39. Nxh5 e4 40. Kb2 f3 41. gxf3 exf3 42. Ng3 f2 43. Kc2 Kd6 44. Kd2 Ke7 45. Ke3 f1N+ 46. Nxf1 Kf8 47. Bb3 g4 48. Kf4 g3 49. Nxg3 a4 50. Bxa4 Ke7 51. h4 Kf8 52. h5 Kg8 53. h6 Kh8 54. Bb3 Kh7 55. Kg5 Kh8 56. c4 Kg8 57. c5+ Kh7 58. c6 Kh8 59. c7 Kh7 60. Nh5 Kh8 61. c8Q+ Kh7 62. Nf6# 1-0

[Event "San Francisco Addison op g/45"]
[Site "San Francisco"]
[Date "2005.06.25"]
[Round "4"]
[White "Pearson, Michael"]
[Black "Yap, Nicolas A"]
[Result "0-1"]
[WhiteElo "2202"]
[BlackElo "2274"]
[PlyCount "58"]
[EventDate "2005.06.25"]
[EventType "swiss (rapid)"]
[EventRounds "5"]
[EventCountry "USA"]
[SourceTitle "EXT 2007"]
[Source "ChessBase"]
[SourceDate "2006.11.23"]
[SourceVersion "1"]
[SourceVersionDate "2006.11.23"]
[SourceQuality "1"]

1. e4 c5 2. Nf3 d6 3. d4 cxd4 4. Nxd4 Nf6 5. Nc3 a6 6. Bg5 e6 7. f4 Qb6 8. e5 Qxb2 9. Na4 Qa3 10. exf6 Qxa4 11. Bd3 Qb4+ 12. c3 Qxc3+ 13. Ke2 Bd7 14. Nf3 Nc6 15. Rc1 Qa5 16. Qb3 Qb4 17. Qxb4 Nxb4 18. Rc7 Nd5 19. fxg7 Bxg7 20. Rxb7 h6 21. Bh4 Nxf4+ 22. Kd2 Nxd3 23. Rhb1 Nb2 24. R1xb2 Bxb2 25. Rxb2 Bc6 26. Nd4 Kd7 27. Ke3 Rhg8 28. Rb6 Bxg2 29. Bg3 e5 0-1

[Event "Sunnyvale LERA-ch 35th"]
[Site "Sunnyvale"]
[Date "2002.03.09"]
[Round "1"]
[White "Pearson, Michael"]
[Black "Deb, Akash"]
[Result "0-1"]
[WhiteElo "2066"]
[BlackElo "1917"]
[PlyCount "118"]
[EventDate "2002.03.09"]
[EventType "swiss"]
[EventRounds "4"]
[EventCountry "USA"]
[SourceTitle "EXT 2007"]
[Source "ChessBase"]
[SourceDate "2006.11.23"]
[SourceVersion "1"]
[SourceVersionDate "2006.11.23"]
[SourceQuality "1"]

1. e4 d5 2. exd5 Nf6 3. d4 Bg4 4. Bb5+ c6 5. dxc6 Nxc6 6. Nf3 Qa5+ 7. Nc3 e6 8. h3 Bh5 9. g4 Bg6 10. Ne5 Bb4 11. Bxc6+ bxc6 12. Nxg6 hxg6 13. Qf3 Qd5 14. Qxd5 cxd5 15. Bd2 Nxg4 16. Ne4 Rb8 17. Bxb4 Rxb4 18. 0-0-0 Nf6 19. Nxf6+ gxf6 20. c3 Rc4 21. Kd2 Rh4 22. Ke3 Ke7 23. f4 g5 24. fxg5 fxg5 25. Rhg1 f6 26. Rg4 Rh5 27. h4 Rc8 28. Rdg1 Rg8 29. Kd3 Kf7 30. b3 Rxh4 31. c4 Rgh8 32. c5 Rxg4 33. Rxg4 Rh3+ 34. Kc2 Rh4 35. Rg3 Ke7 36. Kc3 a5 37. b4 axb4+ 38. Kxb4 Rxd4+ 39. Kb5 Kd7 40. Ra3 e5 41. Ra7+ Ke6 42. Ra6+ Kf5 43. c6 Rc4 44. Ra4 Rc2 45. Kb6 Ke6 46. Ra8 d4 47. a4 d3 48. Rd8 e4 49. a5 Rb2+ 50. Kc7 d2 51. a6 Ra2 52. Kb7 e3 53. c7 Rb2+ 54. Ka7 Rc2 55. Kb6 e2 56. Rxd2 e1Q 57. Rxc2 Qb1+ 58. Ka7 Qxc2 59. Kb8 Kd7 0-1

[Event "San Francisco FIDE Summer-B"]
[Site "San Francisco"]
[Date "2001.06.16"]
[Round "1"]
[White "Hernandez, Rodolfo"]
[Black "Pearson, Michael"]
[Result "1-0"]
[WhiteElo "2149"]
[BlackElo "2000"]
[PlyCount "71"]
[EventDate "2001.06.16"]
[EventType "tourn"]
[EventRounds "11"]
[EventCountry "USA"]
[SourceTitle "EXT 2007"]
[Source "ChessBase"]
[SourceDate "2006.11.23"]
[SourceVersion "1"]
[SourceVersionDate "2006.11.23"]
[SourceQuality "1"]

1. c4 Nf6 2. d4 e6 3. Nc3 Bb4 4. Qc2 c5 5. Nf3 cxd4 6. Nxd4 Nc6 7. e3 d5 8. Bd2 0-0 9. cxd5 Nxd4 10. exd4 exd5 11. Be2 Re8 12. 0-0 Bxc3 13. Bxc3 Bg4 14. f3 Bh5 15. Bb5 Bg6 16. Qd2 Re6 17. Rfe1 a6 18. Ba4 Nh5 19. g3 Qf6 20. Kg2 h6 21. Re5 Rd8 22. Bb3 Qe7 23. Rae1 Nf6 24. g4 Re8 25. h4 Nxg4 26. fxg4 Qxh4 27. Qf4 Kh7 28. Bxd5 Rxe5 29. dxe5 Rd8 30. Be4 Qe7 31. Bxg6+ fxg6 32. e6 Rf8 33. Bb4 Qxe6 34. Qxh6+ Kxh6 35. Rxe6 Rf4 36. Bd2 1-0